| 000 | 00463nam a22001817a 4500 | ||
|---|---|---|---|
| 003 | OSt | ||
| 005 | 20170105102932.0 | ||
| 008 | 150402b xxu||||| |||| 00| 0 eng d | ||
| 020 | _a9789696332619 | ||
| 040 | _a1 | ||
| 082 |
_a954.92 _bKHA 2014 |
||
| 100 | _aKhalid, Salim Mansoor | ||
| 245 |
_aShahid Abdul Quader Mollah _cSalim Mansoor Khalid |
||
| 260 |
_aLahore _bManshorat _c2014 |
||
| 300 |
_a520 p _b21 cm |
||
| 650 | _aAbdul Quader Molla | ||
| 942 |
_2ddc _cBK |
||
| 999 |
_c16109 _d16109 |
||